Top 10 Largest Cities in Poland - Sudden Death - Statistics

General Stats
  • This quiz has been taken 111 times
  • The average score is 5 of 10
Answers on the Grid
Answers color-coded by a green-red scale on the quiz's grid according to % correct below.
Warsaw
Lodz
Krakow
Wroclaw
Poznan
Gdansk
Szczecin
Lublin
Bydgoszcz
Katowice
Bialystok
Gdynia
Czestochowa
Sosnowiec
Radom
Mokotow
Torun
Kielce
Gliwice
Zabrze
Bytom
Lubin
Bielsko-Biala
Olsztyn
Nowy Sacz
 
Answer Stats
Answer % Correct
Warsaw
72%
Krakow
67%
Lodz
67%
Poznan
67%
Gdansk
61%
Wroclaw
56%
Katowice
44%
Lublin
39%
Szczecin
33%
Bydgoszcz
28%
No matching quizzes found
Score Distribution
Percent of People with Each Score
Percentile by Number Answered
Your Score History
You have not taken this quiz